| 000 | 00572nam a22001937a 4500 | ||
|---|---|---|---|
| 003 | OSt | ||
| 005 | 20180116183028.0 | ||
| 008 | 151216b xxu||||| |||| 00| 0 eng d | ||
| 020 | _a02-582-97-1 | ||
| 024 | _202-582-97-1 | ||
| 040 | _cLahore LUMS | ||
| 082 | _a174.4 LUM 1997 | ||
| 100 | _aAli S M , Hibbert T | ||
| 245 |
_aSHEZAN INTERNATIONAL- MANAGEMENT GROWTH _cAli S M , Hibbert T |
||
| 260 |
_aLahore LUMS _b Lahore University of Management Sciences _c1997 |
||
| 300 |
_a13 p. _bPapers |
||
| 440 | _aSHEZAN INTERNATIONAL- MANAGEMENT GROWTH | ||
| 942 |
_2ddc _cCS |
||
| 999 |
_c350904 _d350904 |
||